LEADER 02184nam 2200649 450 001 9910137549203321 005 20230808213126.0 010 $a1-118-53634-7 010 $a0-470-05942-7 035 $a(CKB)3710000000561601 035 $a(EBL)4312984 035 $a(OCoLC)916685244 035 $a(SSID)ssj0001594270 035 $a(PQKBManifestationID)16289663 035 $a(PQKBTitleCode)TC0001594270 035 $a(PQKBWorkID)12962349 035 $a(PQKB)10034206 035 $a(PQKBManifestationID)14177657 035 $a(PQKBWorkID)14483515 035 $a(PQKB)24897737 035 $a(MiAaPQ)EBC4312984 035 $a(DLC) 2015031013 035 $a(Au-PeEL)EBL4312984 035 $a(CaPaEBR)ebr11139317 035 $a(CaONFJC)MIL887421 035 $a(EXLCZ)993710000000561601 100 $a20160120h20162016 uy 0 101 0 $aeng 135 $aur|n|---||||| 181 $ctxt 182 $cc 183 $acr 200 10$aThermohydrodynamic instability in fluid-film bearings /$fJianke Wang, Michael M. Khonsari 210 1$aChichester, West Sussex, England :$cWiley,$d2016. 210 4$dİ2016 215 $a1 online resource (241 p.) 300 $aIncludes index. 311 $a0-470-05943-5 311 $a0-470-05721-1 320 $aIncludes bibliographical references and index. 327 $aFundamentals of hydrodynamic bearings -- Governing equations for dynamic analysis -- Conventional methods on system instability analysis -- Introduction to hopf bifurcation theory (HBT) -- Application of HBT to fluid-film bearings -- Analysis of thermohydrodynamic instability. 606 $aFluid-film bearings$xDesign and construction 606 $aHydraulics 606 $aFluid dynamics 615 0$aFluid-film bearings$xDesign and construction. 615 0$aHydraulics. 615 0$aFluid dynamics. 676 $a621.8/22 700 $aWang$b J. K.$0958264 702 $aKhonsari$b Michael M. 801 0$bMiAaPQ 801 1$bMiAaPQ 801 2$bMiAaPQ 906 $aBOOK 912 $a9910137549203321 996 $aThermohydrodynamic instability in fluid-film bearings$92171079 997 $aUNINA